000 00284pab a2200121 454500
008 180718b xxu||||| |||| 00| 0 eng d
100 _aDang, Satyapal
245 _aPolice and human rights
650 _a Police
650 _aCivil Liberties
773 _aHindustan Times
909 _a23351
999 _c23351
_d23351